00461nam a22001577a 450000500170000000800410001702200130005804100130007108200160008410000130010024500820011325000190019526000360021430000280025065000250027820231124061118.0231124b |||||||| |||| 00| 0 eng d a14612445 aEnglish  a341.48 HAN  lEnglish  aThe 2004 Handbook of Competition Enforcement Agencies /cedited by D Sameuls  aSixth Edition  aLondon : bRichard Davey,c2004 b179 pages ; c25,5 cm.  aLegal practice bLaw